| 000 | 00185nam a22000737a 4500 | ||
|---|---|---|---|
| 999 |
_c23940 _d23940 |
||
| 003 | Nust | ||
| 005 | 20170612133308.0 | ||
| 008 | 140425b xxu||||| |||| 00| 0 eng d | ||
| 040 |
_aDLC _bDLC _cRCMS |
||
| 050 | _a621.38221 PRO | ||
| 082 |
_24th Ed. _a621.38221 PRO |
||
| 100 |
_aJohn G. Proakis _92461 |
||
| 245 |
_aDigital Communication _cJohn G. Proakis |
||
| 300 |
_axxi, 1002 p. ; _bill, ; _c26 cm. |
||
| 538 | _iShelf # 15, Row # 2, Communication. | ||
| 650 |
_aDigital Communication _9718 |
||
| 856 |
_3Table of contents only _uhttp://www.loc.gov/catdir/toc/ecip0716/2007017469.html |
||
| 942 |
_2ddc _cBK _h621.38221 PRO |
||